Squadra dell'anno AIC 2012 - Statistics

Statistiche generali
  • Questo quiz è stato fatto 8 volte
  • Il punteggio medio è 9 su 11
Statistiche sulle risposte
Ruolo Nazione Squadra Calciatore % Corretto
Centrocampista Italia Juventus Andrea Pirlo
100%
Attaccante Italia Udinese Antonio Di Natale
100%
Attaccante Uruguay Napoli Edinson Cavani
100%
Portiere Italia Juventus Gianluigi Buffon
100%
Difensore Brasile Milan Thiago Silva
86%
Difensore Italia Napoli Christian Maggio
71%
Centrocampista Italia Juventus Claudio Marchisio
71%
Attaccante Svezia Milan Zlatan Ibrahimović
71%
Difensore Italia Juventus Andrea Barzagli
57%
Centrocampista Italia Milan Antonio Nocerino
57%
Difensore Italia Palermo Federico Balzaretti
43%
Nessun quiz corrispondente trovato
Distribuzione punteggi
Percentuale di utenti per punteggio
Percentile per numero di risposta
I tuoi punteggi nel tempo
Non hai fatto questo quiz